|
|
|
|
| LEADER |
01563nam a2200385 i 4500 |
| 001 |
EBC4843087 |
| 003 |
MiAaPQ |
| 005 |
20200520144314.0 |
| 006 |
m o d | |
| 007 |
cr cnu|||||||| |
| 008 |
170508t20172017txu ob 001 0 eng d |
| 020 |
|
|
|a 9780692845936
|q (electronic bk.)
|
| 035 |
|
|
|a (MiAaPQ)EBC4843087
|
| 035 |
|
|
|a (Au-PeEL)EBL4843087
|
| 035 |
|
|
|a (CaPaEBR)ebr11376319
|
| 035 |
|
|
|a (CaONFJC)MIL994750
|
| 035 |
|
|
|a (OCoLC)986135283
|
| 040 |
|
|
|a MiAaPQ
|b eng
|e rda
|e pn
|c MiAaPQ
|d MiAaPQ
|
| 050 |
|
4 |
|a HF5415.3
|b .B786 2017
|
| 082 |
0 |
|
|a 658.827
|2 23
|
| 100 |
1 |
|
|a Bruner, Gordon C.,
|c II.,
|e author.
|
| 245 |
1 |
0 |
|a Marketing scales handbook.
|p Multi-item measures for consumer insight research.
|n Volume 9 /
|c Gordon C. Bruner II.
|
| 264 |
|
1 |
|a Fort Worth, Texas :
|b GCBII Productions, LLC,
|c 2017.
|
| 264 |
|
4 |
|c 2017
|
| 300 |
|
|
|a 1 online resource (676 pages)
|
| 336 |
|
|
|a text
|2 rdacontent
|
| 337 |
|
|
|a computer
|2 rdamedia
|
| 338 |
|
|
|a online resource
|2 rdacarrier
|
| 504 |
|
|
|a Includes bibliographical references and index.
|
| 588 |
|
|
|a Description based on online resource; title from PDF title page (ebrary, viewed May 8, 2017).
|
| 590 |
|
|
|a Electronic reproduction. Ann Arbor, MI : ProQuest, 2016. Available via World Wide Web. Access may be limited to ProQuest affiliated libraries.
|
| 650 |
|
0 |
|a Marketing research
|x Statistical methods
|v Handbooks, manuals, etc.
|
| 655 |
|
4 |
|a Electronic books.
|
| 797 |
2 |
|
|a ProQuest (Firm)
|
| 856 |
4 |
0 |
|u https://ebookcentral.proquest.com/lib/matrademy/detail.action?docID=4843087
|z Click to View
|